000 00345nam a22001457a 4500
003 SGT
020 _a9789391208868
082 _a615.19
_bMAT
100 _aMATHUR RIYA
245 _aPHARMACEUTICAL INORGANIC CHEMISTRY
260 _aINDIA
_bIP PUB
_c2023
300 _a131
650 _aPHARMACEUTICAL INORGANIC CHEMISTRY
942 _2ddc
_cBK
999 _c34238
_d34238